University Home | Library Home | Institutional Repository

When Karl Marx died; (Record no. 80609)

MARC details
000 -LEADER
fixed length control field 00839cam6a220025300 4500
001 - CONTROL NUMBER
control field lce00882753
008 - FIXED-LENGTH DATA ELEMENTS--GENERAL INFORMATION
fixed length control field 731108s1973 nyu b 001 0beng
010 ## - LIBRARY OF CONGRESS CONTROL NUMBER
LC control number 73085995
020 ## - INTERNATIONAL STANDARD BOOK NUMBER
International Standard Book Number 0717803856
-- 0717803864 (pbk.)
020 ## - INTERNATIONAL STANDARD BOOK NUMBER
Terms of availability
-- 0.00
035 ## - SYSTEM CONTROL NUMBER
System control number (Sirsi) r80307
035 ## - SYSTEM CONTROL NUMBER
System control number (DLC) 73085995
035 ## - SYSTEM CONTROL NUMBER
System control number (UPRA)lce00882753
050 0# - LIBRARY OF CONGRESS CALL NUMBER
Classification number HX39.5
Item number .F63
082 ## - DEWEY DECIMAL CLASSIFICATION NUMBER
Classification number 335.4/092/4
100 1# - MAIN ENTRY--PERSONAL NAME
Personal name Foner, Philip Sheldon, 1910-
Dates associated with a name Foner, Philip Sheldon, 1910-
Linkage A38638.1
245 10 - TITLE STATEMENT
Title When Karl Marx died;
Remainder of title comments in 1883.
Statement of responsibility, etc. Philip S. Foner, editor.
250 ## - EDITION STATEMENT
Edition statement [1st ed.]
260 ## - PUBLICATION, DISTRIBUTION, ETC.
Place of publication, distribution, etc. New York,
Name of publisher, distributor, etc. International Publishers
Date of publication, distribution, etc. [1973]
504 ## - BIBLIOGRAPHY, ETC. NOTE
Bibliography, etc. note Includes bibliographical references.
600 10 - SUBJECT ADDED ENTRY--PERSONAL NAME
Personal name Marx, Karl, 1818-1883.
Dates associated with a name Marx, Karl, 1818-1883.
Linkage S2956.2
949 ## - LOCAL PROCESSING INFORMATION (OCLC)
a HX39.5
w lcc
i -110829
m MAIN
t BOOK
l ON-SHELF

No items available.

© 2026 - The University of Zambia Library - Koha v25.11